Cozumel y la transformación de su paisaje por el turismo de cruceros /

Spremljeno u:
Bibliografski detalji
Glavni autor: Palafox Muñoz, Alejandro
Daljnji autori: Aguilar Aguilar, Arturo, Anaya Ortiz, Julia Sderis
Format: Knjiga
Jezik:Spanish
Oznake: Dodaj oznaku
Bez oznaka, Budi prvi tko označuje ovaj zapis!

MARC

LEADER 00000nam a22000007a 4500
003 cru CIDCACS/IIS
005 20161116111444.0
007 ta
008 161116s2015 cr ||||| |||| 00| 0 spa d
040 |c cru CIDCACS/IIS 
100 1 |9 469  |a Palafox Muñoz, Alejandro 
245 1 |a Cozumel y la transformación de su paisaje por el turismo de cruceros /  |c Alejandro Palafox Muñoz, Arturo Aguilar Aguilar, Julia Sderis Anaya Ortiz 
300 |a páginas 103-115 :  |b tablas, gráficos, fotos 
700 1 |9 470  |a Aguilar Aguilar, Arturo 
700 1 |9 471  |a Anaya Ortiz, Julia Sderis 
773 0 |0 18728  |9 148  |a Universidad de Costa Rica  |d San José, Costa Rica Editorial UCR 1956-  |o R19001  |t Revista de Ciencias Sociales/ 
942 |2 ddc  |c PP 
999 |c 18735  |d 18735